|
|
|
|
| LEADER |
01025nab a2200229 i 4500 |
| 001 |
acta80957 |
| 005 |
20230905083727.0 |
| 008 |
230905s1982 hu o 0|| hun d |
| 022 |
|
|
|a 0422-9576
|
| 040 |
|
|
|a SZTE Egyetemi Kiadványok Repozitórium
|b hun
|
| 041 |
|
|
|a hun
|
| 100 |
1 |
|
|a Szabó S. András
|
| 245 |
1 |
0 |
|a Élelmiszeripari kutatások eredményei I.
|h [elektronikus dokumentum] :
|b a K-11 jelű kormányszintű program keretében végzett kutatómunka a gyakorlatnak átadott, illetve átadható eredményei /
|c Szabó S. András
|
| 260 |
|
|
|a Lapkiadó Vállalat
|b Budapest
|c 1982
|
| 300 |
|
|
|a 219-226
|
| 490 |
0 |
|
|a Élelmiszervizsgálati közlemények
|v 28 No. 5
|
| 650 |
|
4 |
|a Műszaki és technológiai tudományok
|
| 650 |
|
4 |
|a Egyéb műszaki tudományok és technológiák
|
| 650 |
|
4 |
|a Élelmiszer és italfélék
|
| 695 |
|
|
|a Élelmiszertudomány - kutatás
|
| 700 |
0 |
1 |
|a Szórád László
|e aut
|
| 856 |
4 |
0 |
|u http://acta.bibl.u-szeged.hu/80957/1/elelmiszervizsgalati_kozlemenyek_1982_05_219-226.pdf
|z Dokumentum-elérés
|